Statistiken für Europäische Länder ohne Wölfe

Klicken Sie hier um das Quiz zu spielen!

Allgemein

  • Dieses Quiz wurde 207 mal gespielt
  • Das Durchschnittsergebnis liegt bei 10 aus 14

Antwortstatistiken

Land ohne Wölfe% Korrekt
Irland
85%
Luxemburg
85%
Vereinigtes Königreich
83%
Monaco
81%
Belgien
80%
Island
80%
Vatikan-Stadt
79%
Niederlände
78%
San Marino
78%
Liechtenstein
77%
Malta
69%
Dänemark
67%
Österreich
39%
Moldawien
23%

Verteilung der Resultate

Perzentil nach korrekt beantworteten Fragen

Anzahl Personen mit jedem Resultat

Ihre Resultats-Entwicklung

Sie haben dieses Quiz noch nicht gespielt